Riconosci la Stato degli Stati Uniti - Quiz n°49 - Statistics

Statistiche generali
  • Questo quiz è stato fatto 5 volte
  • Il punteggio medio è 5 su 10
Statistiche sulle risposte
Indizio Risposta % Corretto
Iniziale della Capitale T
80%
Fuso orario UTC-6, -7
80%
Altitudine 207 - 1 232 m s.l.m.
60%
Popolazione 2 911 505 ab.
60%
Data di istituzione 29 gennaio 1861
60%
Numero stati confinanti 4
60%
Numero contee 105
40%
Superficie 213 069 km²
40%
Rappresentanza parlamentare 4 Rappresentanti: 3 R, 1 D 2 Senatori: Roger Marshall (R), Jerry Moran (R)
40%
Stato federale Kansas
20%
Nessun quiz corrispondente trovato
Distribuzione punteggi
Percentuale di utenti per punteggio
Percentile per numero di risposta
I tuoi punteggi nel tempo
Non hai fatto questo quiz